000 00392nam a2200145Ia 4500
008 220204s9999 xx 000 0 und d
020 _a100195698746
082 _a332.142.6
_bPUS
100 _aMuradian, Rolden
245 0 _aPayment for ecosystme services
260 _aNew Delhi
_bOxford University Press
_c2009
650 _aEcosystem markeeting
700 _aPushpam Kumar
942 _cBK
999 _c42868
_d42868